|
|
|
|
| LEADER |
01816cas a2200241 a 4500 |
| 001 |
AALejournalIMF004586 |
| 008 |
230101c9999 xx r poo 0 0eng d |
| 020 |
|
|
|c 5.00 USD
|
| 020 |
|
|
|z 9781451814644
|
| 022 |
|
|
|a 1934-7685
|
| 040 |
|
|
|a BD-DhAAL
|c BD-DhAAL
|
| 110 |
2 |
|
|a International Monetary Fund.
|
| 245 |
1 |
0 |
|a Georgia :
|b Fourth Review Under the Poverty Reduction and Growth Facility and Request for Waiver of Performance Criterion-Staff Report; Staff Statement; Press Release on the Executive Board Discussion; and Statement by the Executive Director for Georgia.
|
| 264 |
|
1 |
|a Washington, D.C. :
|b International Monetary Fund,
|c 2006.
|
| 300 |
|
|
|a 1 online resource (84 pages)
|
| 490 |
1 |
|
|a IMF Staff Country Reports
|
| 500 |
|
|
|a <strong>Off-Campus Access:</strong> No User ID or Password Required
|
| 500 |
|
|
|a <strong>On-Campus Access:</strong> No User ID or Password Required
|
| 506 |
|
|
|a Electronic access restricted to authorized BRAC University faculty, staff and students
|
| 520 |
3 |
|
|a Economic growth continues to be strong, but inflation has increased substantially. The structural agenda remains focused on further improving tax and customs administration, improving fiscal planning and public expenditure management, and strengthening financial markets. The main risks to the economic outlook stems from domestic and external political pressures. Despite these risks and the recent surge in inflation, the government's strong track record and the commitment to take corrective measures, as needed, bode well for the successful implementation of the program.
|
| 538 |
|
|
|a Mode of access: Internet
|
| 830 |
|
0 |
|a IMF Staff Country Reports; Country Report ;
|v No. 2006/395
|
| 856 |
4 |
0 |
|z Full text available on IMF
|u http://elibrary.imf.org/view/journals/002/2006/395/002.2006.issue-395-en.xml
|z IMF e-Library
|